[Event "ODJM B 2023"]
[Site "Willingen GER"]
[Date "2023.06.03"]
[Round "9"]
[White "Ginschel, Leonhard"]
[Black "Hornstein, Leonhard Orell"]
[Result "1/2-1/2"]
[Termination "normal"]
[Board "26"]
[WhiteElo "1376"]
[BlackElo "1476"]
[WhiteClock "00:31:40"]
[BlackClock "01:06:43"]
[PlyCount "40"]
[WhiteFideId "16290917"]
[BlackFideId "16254643"]
[EventCountry "GER"]
[EventRounds "9"]
[EventType "swiss"]
[EventDate "2023.05.27"]

1. e4 {[%clk 01:30:58]} e6 {[%clk 01:30:56]} {[%emt 00:00:06]} 2. b3 {[%clk
01:31:24]} {[%emt 00:00:04]} d5 {[%clk 01:31:14]} {[%emt 00:00:12]} 3. Bb2
{[%clk 01:31:47]} {[%emt 00:00:06]} c5 {[%clk 01:30:34]} {[%emt 00:01:11]} 4.
Qe2 {[%clk 01:30:28]} {[%emt 00:01:49]} d4 {[%clk 01:29:36]} {[%emt 00:01:28]}
5. f4 {[%clk 01:27:56]} {[%emt 00:03:01]} Nf6 {[%clk 01:27:09]} {[%emt
00:02:57]} 6. Nf3 {[%clk 01:26:16]} {[%emt 00:02:09]} b6 {[%clk 01:26:48]}
{[%emt 00:00:52]} 7. c3 {[%clk 01:19:42]} {[%emt 00:07:03]} dxc3 {[%clk
01:25:31]} {[%emt 00:01:48]} 8. Nxc3 {[%clk 01:19:25]} {[%emt 00:00:46]} Bb7
{[%clk 01:25:51]} {[%emt 00:00:11]} 9. Rd1 {[%clk 01:16:17]} {[%emt 00:03:37]}
Be7 {[%clk 01:25:20]} {[%emt 00:01:02]} 10. g3 {[%clk 01:07:29]} {[%emt
00:09:18]} O-O {[%clk 01:24:00]} {[%emt 00:01:51]} 11. Bg2 {[%clk 01:03:12]}
{[%emt 00:04:46]} Ba6 {[%clk 01:23:18]} {[%emt 00:01:13]} 12. d3 {[%clk
00:59:45]} {[%emt 00:03:56]} Nc6 {[%clk 01:21:44]} {[%emt 00:02:05]} 13. O-O
{[%clk 00:50:12]} {[%emt 00:10:03]} Bb7 {[%clk 01:20:42]} {[%emt 00:01:32]} 14.
h3 {[%clk 00:41:56]} {[%emt 00:08:45]} Qc7 {[%clk 01:19:09]} {[%emt 00:02:04]}
15. Nb5 {[%clk 00:39:42]} {[%emt 00:02:44]} Qb8 {[%clk 01:15:44]} {[%emt
00:03:54]} 16. Ne5 {[%clk 00:34:27]} {[%emt 00:05:45]} a6 {[%clk 01:11:16]}
{[%emt 00:04:59]} 17. Na3 {[%clk 00:34:00]} {[%emt 00:00:56]} Qc7 {[%clk
01:09:20]} {[%emt 00:02:27]} 18. Nac4 {[%clk 00:32:05]} {[%emt 00:02:25]} b5
{[%clk 01:06:48]} {[%emt 00:03:03]} 19. Nxc6 {[%clk 00:31:26]} {[%emt
00:01:07]} Bxc6 {[%clk 01:06:51]} {[%emt 00:00:28]} 20. Ne5 {[%clk 00:31:40]}
{[%emt 00:00:15]} Bb7 {[%clk 01:06:43]} {[%emt 00:00:39]} 1/2-1/2

[Event "ODJM B 2023"]
[Site "Willingen GER"]
[Date "2023.06.03"]
[Round "9"]
[White "Schächtelin, Jakob"]
[Black "Sperling, Max"]
[Result "1-0"]
[Termination "normal"]
[Board "27"]
[WhiteElo "1468"]
[BlackElo "1527"]
[WhiteClock "00:52:06"]
[BlackClock "00:11:43"]
[PlyCount "77"]
[WhiteFideId "34620834"]
[BlackFideId "34660372"]
[EventCountry "GER"]
[EventRounds "9"]
[EventType "swiss"]
[EventDate "2023.05.27"]

1. e4 {[%clk 01:30:59]} e6 {[%clk 01:30:55]} {[%emt 00:00:06]} 2. d4 {[%clk
01:31:26]} {[%emt 00:00:02]} d5 {[%clk 01:31:22]} {[%emt 00:00:03]} 3. e5
{[%clk 01:31:53]} {[%emt 00:00:04]} c5 {[%clk 01:31:46]} {[%emt 00:00:05]} 4.
c3 {[%clk 01:32:20]} {[%emt 00:00:04]} Nc6 {[%clk 01:31:58]} {[%emt 00:00:18]}
5. Nf3 {[%clk 01:32:46]} {[%emt 00:00:04]} Qb6 {[%clk 01:32:19]} {[%emt
00:00:09]} 6. a3 {[%clk 01:33:11]} {[%emt 00:00:04]} c4 {[%clk 01:32:44]}
{[%emt 00:00:05]} 7. Nbd2 {[%clk 01:33:37]} {[%emt 00:00:04]} Na5 {[%clk
01:32:58]} {[%emt 00:00:16]} 8. Be2 {[%clk 01:34:02]} {[%emt 00:00:05]} Bd7
{[%clk 01:32:56]} {[%emt 00:00:33]} 9. O-O {[%clk 01:34:24]} {[%emt 00:00:06]}
Qc7 {[%clk 01:32:01]} {[%emt 00:01:26]} 10. Re1 {[%clk 01:34:47]} {[%emt
00:00:08]} Ne7 {[%clk 01:32:23]} {[%emt 00:00:08]} 11. Nf1 {[%clk 01:35:01]}
{[%emt 00:00:15]} Nc8 {[%clk 01:32:14]} {[%emt 00:00:40]} 12. Rb1 {[%clk
01:35:04]} {[%emt 00:00:26]} Nb6 {[%clk 01:32:20]} {[%emt 00:00:24]} 13. Bf4
{[%clk 01:35:26]} {[%emt 00:00:07]} O-O-O {[%clk 01:31:52]} {[%emt 00:00:59]}
14. Qd2 {[%clk 01:34:41]} {[%emt 00:01:15]} Nb3 {[%clk 01:31:25]} {[%emt
00:00:57]} 15. Qe3 {[%clk 01:35:02]} {[%emt 00:00:07]} Ba4 {[%clk 01:30:34]}
{[%emt 00:01:23]} 16. h4 {[%clk 01:34:02]} {[%emt 00:01:29]} h6 {[%clk
01:29:23]} {[%emt 00:01:42]} 17. h5 {[%clk 01:32:29]} {[%emt 00:02:02]} Kb8
{[%clk 01:27:35]} {[%emt 00:02:20]} 18. Nh4 {[%clk 01:31:02]} {[%emt 00:01:56]}
Be7 {[%clk 01:25:15]} {[%emt 00:02:51]} 19. Bg3 {[%clk 01:31:07]} {[%emt
00:00:24]} Rdf8 {[%clk 01:20:45]} {[%emt 00:05:00]} 20. f4 {[%clk 01:31:09]}
{[%emt 00:00:27]} Qd8 {[%clk 01:18:56]} {[%emt 00:02:20]} 21. Nf3 {[%clk
01:31:13]} {[%emt 00:00:24]} g6 {[%clk 01:17:41]} {[%emt 00:01:48]} 22. N3h2
{[%clk 01:25:23]} {[%emt 00:06:19]} Na5 {[%clk 01:12:50]} {[%emt 00:05:21]} 23.
Qf2 {[%clk 01:18:17]} {[%emt 00:07:36]} Nc8 {[%clk 01:07:45]} {[%emt 00:05:35]}
24. Ne3 {[%clk 01:17:03]} {[%emt 00:01:43]} Rfg8 {[%clk 00:53:36]} {[%emt
00:14:39]} 25. hxg6 {[%clk 01:12:29]} {[%emt 00:05:05]} fxg6 {[%clk 00:53:07]}
{[%emt 00:00:59]} 26. Bg4 {[%clk 01:12:29]} {[%emt 00:00:29]} Qb6 {[%clk
00:49:42]} {[%emt 00:03:57]} 27. Bh4 {[%clk 01:09:06]} {[%emt 00:03:52]} Bxh4
{[%clk 00:38:50]} {[%emt 00:11:22]} 28. Qxh4 {[%clk 01:09:05]} {[%emt
00:00:30]} g5 {[%clk 00:37:24]} {[%emt 00:01:57]} 29. fxg5 {[%clk 01:07:20]}
{[%emt 00:02:14]} hxg5 {[%clk 00:37:16]} {[%emt 00:00:39]} 30. Qg3 {[%clk
01:07:40]} {[%emt 00:00:09]} Be8 {[%clk 00:29:49]} {[%emt 00:07:58]} 31. Re2
{[%clk 01:05:24]} {[%emt 00:02:46]} Bg6 {[%clk 00:28:09]} {[%emt 00:02:10]} 32.
Rbe1 {[%clk 01:02:04]} {[%emt 00:03:49]} Rf8 {[%clk 00:17:22]} {[%emt
00:11:18]} 33. Nf3 {[%clk 00:59:25]} {[%emt 00:03:09]} Rf4 {[%clk 00:12:20]}
{[%emt 00:05:33]} 34. Nxg5 {[%clk 00:56:03]} {[%emt 00:03:51]} Rxg4 {[%clk
00:12:14]} {[%emt 00:00:36]} 35. Qxg4 {[%clk 00:56:21]} {[%emt 00:00:11]} Bh5
{[%clk 00:12:41]} {[%emt 00:00:04]} 36. Qh4 {[%clk 00:53:47]} {[%emt 00:03:04]}
Qd8 {[%clk 00:12:28]} {[%emt 00:00:44]} 37. Rf2 {[%clk 00:53:08]} {[%emt
00:01:08]} Be2 {[%clk 00:11:32]} {[%emt 00:01:26]} 38. Qf4 {[%clk 00:52:06]}
{[%emt 00:01:32]} Bd3 {[%clk 00:11:43]} {[%emt 00:00:20]} 39. Nf7 {[%emt
00:01:54]} 1-0

[Event "ODJM B 2023"]
[Site "Willingen GER"]
[Date "2023.06.03"]
[Round "9"]
[White "Eitel, Luc"]
[Black "Christen, Jan"]
[Result "1/2-1/2"]
[Termination "normal"]
[Board "28"]
[WhiteElo "1424"]
[BlackElo "1598"]
[WhiteClock "00:25:59"]
[BlackClock "00:27:45"]
[PlyCount "94"]
[WhiteFideId "16299728"]
[BlackFideId "34643320"]
[EventCountry "GER"]
[EventRounds "9"]
[EventType "swiss"]
[EventDate "2023.05.27"]

1. e4 {[%clk 01:30:45]} {[%emt 00:00:15]} c6 {[%clk 01:30:35]} {[%emt
00:00:26]} 2. d4 {[%clk 01:31:07]} {[%emt 00:00:07]} d5 {[%clk 01:31:03]}
{[%emt 00:00:02]} 3. Nd2 {[%clk 01:31:30]} {[%emt 00:00:07]} dxe4 {[%clk
01:31:11]} {[%emt 00:00:22]} 4. Nxe4 {[%clk 01:31:47]} {[%emt 00:00:13]} Nf6
{[%clk 01:31:27]} {[%emt 00:00:13]} 5. Nxf6+ {[%clk 01:31:55]} {[%emt
00:00:23]} exf6 {[%clk 01:31:53]} {[%emt 00:00:04]} 6. c3 {[%clk 01:31:02]}
{[%emt 00:01:24]} Bf5 {[%clk 01:27:57]} {[%emt 00:04:25]} 7. Bd3 {[%clk
01:30:51]} {[%emt 00:00:40]} Bxd3 {[%clk 01:28:17]} {[%emt 00:00:11]} 8. Qxd3
{[%clk 01:31:17]} {[%emt 00:00:03]} Bd6 {[%clk 01:27:27]} {[%emt 00:01:20]} 9.
Ne2 {[%clk 01:31:23]} {[%emt 00:00:26]} O-O {[%clk 01:27:19]} {[%emt 00:00:37]}
10. Bf4 {[%clk 01:30:00]} {[%emt 00:01:50]} Re8 {[%clk 01:26:13]} {[%emt
00:01:39]} 11. Bxd6 {[%emt 00:00:39]} Qxd6 {[%clk 01:26:33]} {[%emt 00:00:07]}
12. O-O {[%clk 01:28:16]} {[%emt 00:02:08]} Na6 {[%clk 01:26:28]} {[%emt
00:00:35]} 13. Rfe1 {[%clk 01:25:52]} {[%emt 00:02:51]} Nc7 {[%clk 01:25:41]}
{[%emt 00:01:20]} 14. Ng3 {[%clk 01:25:21]} {[%emt 00:01:01]} Nd5 {[%clk
01:20:16]} {[%emt 00:05:55]} 15. Qd2 {[%clk 01:14:25]} {[%emt 00:11:17]} Qf4
{[%clk 01:15:50]} {[%emt 00:05:04]} 16. Qxf4 {[%clk 01:07:52]} {[%emt
00:07:03]} Nxf4 {[%clk 01:16:12]} {[%emt 00:00:09]} 17. Rad1 {[%clk 01:06:58]}
{[%emt 00:01:22]} Kf8 {[%clk 01:08:51]} {[%emt 00:07:53]} 18. Ne4 {[%clk
00:58:31]} {[%emt 00:08:34]} b6 {[%clk 01:02:51]} {[%emt 00:06:54]} 19. g3
{[%clk 00:57:14]} {[%emt 00:01:46]} Nd5 {[%clk 00:41:41]} {[%emt 00:21:39]} 20.
Nd6 {[%clk 00:48:37]} {[%emt 00:08:56]} Re6 {[%clk 00:35:36]} {[%emt 00:06:46]}
21. Rxe6 {[%clk 00:42:59]} {[%emt 00:06:09]} fxe6 {[%clk 00:36:03]} {[%emt
00:00:03]} 22. c4 {[%clk 00:39:18]} {[%emt 00:04:11]} Nc7 {[%clk 00:32:59]}
{[%emt 00:03:32]} 23. Ne4 {[%clk 00:36:00]} {[%emt 00:03:47]} Rd8 {[%clk
00:30:53]} {[%emt 00:02:37]} 24. Nc3 {[%clk 00:34:30]} {[%emt 00:02:01]} b5
{[%clk 00:27:37]} {[%emt 00:03:46]} 25. cxb5 {[%clk 00:32:15]} {[%emt
00:02:46]} Nxb5 {[%clk 00:27:57]} {[%emt 00:00:10]} 26. Nxb5 {[%clk 00:28:57]}
{[%emt 00:03:49]} cxb5 {[%clk 00:28:25]} 27. Kf1 {[%clk 00:28:56]} {[%emt
00:00:30]} e5 {[%clk 00:24:30]} {[%emt 00:04:25]} 28. d5 {[%clk 00:28:03]}
{[%emt 00:01:23]} Rc8 {[%clk 00:24:54]} {[%emt 00:00:07]} 29. d6 {[%emt
00:02:00]} Kf7 {[%clk 00:25:14]} {[%emt 00:00:08]} 30. d7 {[%clk 00:25:10]}
{[%emt 00:01:54]} Rd8 {[%clk 00:25:38]} {[%emt 00:00:06]} 31. Rd5 {[%clk
00:24:46]} {[%emt 00:00:39]} Ke6 {[%clk 00:23:46]} {[%emt 00:02:35]} 32. Rxb5
{[%clk 00:23:35]} {[%emt 00:01:42]} Rxd7 {[%clk 00:24:09]} {[%emt 00:00:07]}
33. Ke2 {[%clk 00:23:43]} {[%emt 00:00:22]} Kf5 {[%clk 00:21:29]} {[%emt
00:03:10]} 34. Rb4 {[%clk 00:18:41]} {[%emt 00:05:29]} Rc7 {[%clk 00:17:33]}
{[%emt 00:04:29]} 35. Ke3 {[%clk 00:16:23]} {[%emt 00:02:46]} h5 {[%clk
00:14:14]} {[%emt 00:03:52]} 36. h3 {[%clk 00:13:46]} {[%emt 00:03:07]} g6
{[%clk 00:11:08]} {[%emt 00:03:35]} 37. f4 {[%clk 00:09:41]} {[%emt 00:04:35]}
exf4+ {[%clk 00:09:32]} {[%emt 00:02:06]} 38. Rxf4+ {[%clk 00:10:03]} {[%emt
00:00:08]} Ke5 {[%clk 00:08:03]} {[%emt 00:01:59]} 39. Re4+ {[%clk 00:09:21]}
{[%emt 00:01:13]} Kf5 {[%clk 00:07:57]} {[%emt 00:00:35]} 40. Rf4+ {[%clk
00:08:46]} {[%emt 00:01:06]} Ke5 {[%clk 00:08:19]} {[%emt 00:00:07]} 41. Rb4
{[%clk 00:08:37]} {[%emt 00:00:32]} g5 {[%clk 00:02:51]} {[%emt 00:06:05]} 42.
Rb5+ {[%clk 00:02:02]} {[%emt 00:07:05]} Ke6 {[%clk 00:03:00]} {[%emt
00:00:21]} 43. h4 {[%clk 00:01:05]} {[%emt 00:01:27]} gxh4 {[%clk 00:02:04]}
{[%emt 00:01:26]} 44. gxh4 {[%clk 00:01:05]} {[%emt 00:00:31]} f5 {[%clk
00:00:53]} {[%emt 00:01:40]} 45. Ra5 {[%clk 00:25:52]} {[%emt 00:05:35]} Rc4
{[%clk 00:27:42]} {[%emt 00:03:49]} 46. Ra6+ {[%clk 00:25:42]} {[%emt
00:00:34]} Ke5 {[%clk 00:27:31]} {[%emt 00:00:47]} 47. Ra5+ {[%clk 00:25:59]}
{[%emt 00:00:13]} Ke6 {[%clk 00:27:45]} {[%emt 00:00:14]} 1/2-1/2

[Event "ODJM B 2023"]
[Site "Willingen GER"]
[Date "2023.06.03"]
[Round "9"]
[White "Bakó, Evelin"]
[Black "Loßin, Charlotte"]
[Result "1-0"]
[Termination "normal"]
[Board "29"]
[WhiteElo "1162"]
[BlackElo "1518"]
[WhiteClock "00:53:49"]
[BlackClock "00:32:42"]
[PlyCount "95"]
[WhiteFideId "16271823"]
[BlackFideId "16218345"]
[EventCountry "GER"]
[EventRounds "9"]
[EventType "swiss"]
[EventDate "2023.05.27"]

1. e4 {[%clk 01:30:58]} {[%emt 00:00:01]} e6 {[%clk 01:30:24]} {[%emt
00:00:37]} 2. Nf3 {[%clk 01:31:23]} {[%emt 00:00:06]} d5 {[%clk 01:30:46]}
{[%emt 00:00:08]} 3. e5 {[%clk 01:31:45]} {[%emt 00:00:07]} c5 {[%clk
01:31:06]} {[%emt 00:00:11]} 4. c3 {[%clk 01:31:09]} {[%emt 00:01:05]} Nc6
{[%clk 01:30:41]} {[%emt 00:00:54]} 5. Na3 {[%clk 01:30:59]} {[%emt 00:00:40]}
a6 {[%clk 01:29:41]} {[%emt 00:01:31]} 6. Nc2 {[%clk 01:30:18]} {[%emt
00:01:11]} Qb6 {[%clk 01:27:55]} {[%emt 00:02:17]} 7. d4 {[%clk 01:28:34]}
{[%emt 00:02:13]} cxd4 {[%clk 01:23:39]} {[%emt 00:04:46]} 8. cxd4 {[%clk
01:28:20]} {[%emt 00:00:44]} Nge7 {[%clk 01:22:21]} {[%emt 00:01:48]} 9. Bd3
{[%clk 01:27:49]} {[%emt 00:01:00]} Nb4 {[%clk 01:21:04]} {[%emt 00:01:49]} 10.
Nxb4 {[%clk 01:26:23]} {[%emt 00:01:56]} Qxb4+ {[%clk 01:21:19]} {[%emt
00:00:14]} 11. Kf1 {[%clk 01:21:59]} {[%emt 00:04:53]} Nc6 {[%clk 01:17:34]}
{[%emt 00:04:16]} 12. g4 {[%clk 01:20:59]} {[%emt 00:01:29]} Bd7 {[%clk
01:16:09]} {[%emt 00:01:56]} 13. a3 {[%clk 01:21:10]} {[%emt 00:00:19]} Qb6
{[%clk 01:16:04]} {[%emt 00:00:35]} 14. h4 {[%clk 01:20:48]} {[%emt 00:00:51]}
Nxd4 {[%clk 01:12:36]} {[%emt 00:03:58]} 15. Be3 {[%clk 01:20:52]} {[%emt
00:00:26]} Bc5 {[%clk 01:01:48]} {[%emt 00:11:18]} 16. b4 {[%clk 01:20:52]}
{[%emt 00:00:30]} Nxf3 {[%clk 01:00:55]} {[%emt 00:01:23]} 17. Bxc5 {[%clk
01:20:10]} {[%emt 00:01:12]} Qc7 {[%clk 00:59:29]} {[%emt 00:01:57]} 18. Qxf3
{[%clk 01:20:01]} {[%emt 00:00:38]} Qxe5 {[%clk 00:59:11]} {[%emt 00:00:48]}
19. Kg2 {[%clk 01:15:59]} {[%emt 00:04:31]} Bc6 {[%clk 00:57:53]} {[%emt
00:01:48]} 20. Rhe1 {[%clk 01:15:18]} {[%emt 00:01:11]} Qc3 {[%clk 00:57:06]}
{[%emt 00:01:18]} 21. Kg3 {[%clk 01:12:37]} {[%emt 00:03:11]} O-O-O {[%clk
00:52:42]} {[%emt 00:04:54]} 22. Rac1 {[%clk 01:11:13]} {[%emt 00:01:53]} Qb3
{[%clk 00:49:37]} {[%emt 00:03:35]} 23. Bb6 {[%clk 00:58:29]} {[%emt 00:13:15]}
Rd7 {[%clk 00:47:53]} {[%emt 00:02:14]} 24. Bxa6 {[%clk 00:57:29]} {[%emt
00:01:30]} Qxf3+ {[%clk 00:45:43]} {[%emt 00:02:40]} 25. Kxf3 {[%clk 00:57:46]}
{[%emt 00:00:13]} d4+ {[%clk 00:42:53]} {[%emt 00:03:19]} 26. Rxc6+ {[%clk
00:56:53]} {[%emt 00:01:24]} Kb8 {[%clk 00:42:49]} {[%emt 00:00:35]} 27. Rc4
{[%clk 00:55:34]} {[%emt 00:01:48]} bxa6 {[%clk 00:38:44]} {[%emt 00:04:35]}
28. Rxd4 {[%clk 00:52:13]} {[%emt 00:03:51]} Rb7 {[%clk 00:37:25]} {[%emt
00:01:49]} 29. Bc5 {[%clk 00:51:41]} {[%emt 00:01:02]} Rc8 {[%clk 00:35:31]}
{[%emt 00:02:23]} 30. Red1 {[%clk 00:51:17]} {[%emt 00:00:54]} a5 {[%clk
00:34:10]} {[%emt 00:01:51]} 31. Rd7 {[%clk 00:51:03]} {[%emt 00:00:43]} axb4
{[%clk 00:34:10]} {[%emt 00:00:30]} 32. axb4 {[%clk 00:51:14]} {[%emt
00:00:20]} Rxd7 {[%clk 00:29:06]} {[%emt 00:05:34]} 33. Rxd7 {[%clk 00:50:21]}
{[%emt 00:01:22]} f6 {[%clk 00:28:47]} {[%emt 00:00:50]} 34. Rxg7 {[%clk
00:49:12]} {[%emt 00:01:39]} Rh8 {[%clk 00:28:35]} {[%emt 00:00:43]} 35. Rf7
{[%clk 00:49:18]} {[%emt 00:00:22]} f5 {[%clk 00:29:00]} {[%emt 00:00:06]} 36.
Rf8+ {[%clk 00:49:38]} {[%emt 00:00:10]} Rxf8 {[%clk 00:29:10]} {[%emt
00:00:20]} 37. Bxf8 {[%clk 00:50:03]} {[%emt 00:00:05]} fxg4+ {[%clk 00:29:23]}
{[%emt 00:00:17]} 38. Kxg4 {[%clk 00:50:28]} {[%emt 00:00:05]} Kc7 {[%clk
00:29:40]} {[%emt 00:00:13]} 39. Kf4 {[%clk 00:50:44]} {[%emt 00:00:14]} Kd7
{[%clk 00:29:52]} {[%emt 00:00:19]} 40. Ke5 {[%clk 00:50:58]} {[%emt 00:00:15]}
Ke8 {[%clk 00:30:09]} {[%emt 00:00:13]} 41. b5 {[%clk 00:51:14]} {[%emt
00:00:14]} Kxf8 {[%clk 00:30:32]} {[%emt 00:00:07]} 42. b6 {[%clk 00:51:40]}
{[%emt 00:00:04]} Kg7 {[%clk 00:30:48]} {[%emt 00:00:13]} 43. b7 {[%clk
00:52:06]} {[%emt 00:00:05]} Kh6 {[%clk 00:31:14]} {[%emt 00:00:04]} 44. b8=Q
{[%clk 00:52:29]} {[%emt 00:00:06]} Kh5 {[%clk 00:31:39]} {[%emt 00:00:06]} 45.
Kxe6 {[%clk 00:52:47]} {[%emt 00:00:12]} Kxh4 {[%clk 00:32:01]} {[%emt
00:00:07]} 46. Qg3+ {[%clk 00:53:13]} {[%emt 00:00:04]} Kh5 {[%clk 00:32:21]}
{[%emt 00:00:11]} 47. Kf5 {[%clk 00:53:23]} {[%emt 00:00:19]} h6 {[%clk
00:32:42]} {[%emt 00:00:10]} 48. Qg4 {[%clk 00:53:49]} 1-0